| 000 | 00451nam a2200193Ia 4500 | ||
|---|---|---|---|
| 005 | 20240823043611.0 | ||
| 008 | 240823s9999||||xx |||||||||||||| ||und|| | ||
| 020 | _a033390-761-2 | ||
| 041 | _aENGLISH | ||
| 082 | _A823.309 M7 | ||
| 100 | _aVimala Ramarao | ||
| 245 | 0 | _aCurrent Prose for Better Learning | |
| 250 | _a1st | ||
| 260 |
_c1987 _bMacm |
||
| 500 | _aTRANSFERED | ||
| 650 |
_aCurret Prose _bGeneral |
||
| 942 | _cBK | ||
| 999 |
_c210602 _d210602 |
||